Historia del agua en buenos aires /
Guardado en:
| Autor Principal: | |
|---|---|
| Formato: | Libro |
| Publicado: |
Buenos Aires :
Municipalidad,
1979
|
| Series: | Cuadernos De Buenos Aires, 54
|
| Materias: | |
| Etiquetas: |
Agregar Etiqueta
Sin Etiquetas, Sea el primero en etiquetar este registro!
|
| LEADER | 00521nam a22001695a 4500 | ||
|---|---|---|---|
| 001 | EHU.bham014021 | ||
| 003 | AR-BHAM | ||
| 005 | 20100308143828.0 | ||
| 008 | 130507s1979##################000#0#####d | ||
| 082 | 9 | 8 | |a 982 |
| 100 | 1 | |a Herz, Enrique German | |
| 245 | 1 | 0 | |a Historia del agua en buenos aires / |c Enrique German Herz |
| 260 | |a Buenos Aires : |b Municipalidad, |c 1979 | ||
| 300 | |a 65 p. | ||
| 490 | 0 | |a Cuadernos De Buenos Aires, 54 | |
| 653 | |a Historia de argentina | ||
| 859 | |a AR-BHAM |b BIB. HUMANIDADES - General |h 982 |i H443 |p 338.82 |t Ej.1 | ||
